Studio C: The Crayon Song Gets Ruined - Statistics

General Stats
  • This quiz has been taken 19 times
  • The average score is 289 of 400
Answer Stats
Hint Answer % Correct
a
100%
an
100%
and
100%
Whitney And
100%
color
100%
green,
100%
green
100%
green.
100%
Green.
100%
I
100%
I,
100%
I'm
100%
kids!
100%
Kids!
100%
kid's
100%
or
100%
Orange
100%
orange
100%
The
100%
the
100%
then
100%
to
100%
you
100%
Mallory You
100%
Adam blood
92%
Natalie Hello
92%
Narrator Hey
92%
in.
92%
in
92%
me,
92%
me.
92%
me!
92%
my
92%
of
92%
Red
92%
So
92%
that
92%
up
92%
yellow,
92%
about
85%
can
85%
cheese.
85%
cheese!
85%
do.
85%
friends
85%
All except Adam | James Hooray!
85%
All except Adam Hooray...
85%
James Hooray.
85%
is
85%
IS
85%
it
85%
it!
85%
Adam | All except Adam Jaundice!
85%
Like
85%
like
85%
on
85%
on.
85%
please.
85%
Please
85%
teach
85%
them.
85%
thing.
85%
this
85%
THIS!
85%
threw
85%
bet
77%
hadn't
77%
if
77%
Mallory If
77%
la,
77%
listened
77%
Mac
77%
one!
77%
one?
77%
one
77%
they
77%
things
77%
things!
77%
things,
77%
Welcome
77%
wish
77%
Adam Black
69%
born
69%
brought
69%
bug
69%
crayon
69%
Jason Don't
69%
don't
69%
ER
69%
Matt Hi,
69%
love,
69%
Natalie love.
69%
poisonous
69%
see,
69%
some
69%
Titanic!
69%
verse.
69%
was
69%
why
69%
Stephen Why
69%
assigned
62%
ate
62%
back
62%
Whitney Back
62%
bones!
62%
bottles
62%
box
62%
brown
62%
but
62%
can't
62%
chunks
62%
Mallory Dang
62%
death.
62%
didn't
62%
doing?
62%
Extravaganza
62%
for
62%
guess,
62%
guess
62%
hearts,
62%
hurt...
62%
let
62%
man!
62%
money!
62%
normal!
62%
nose
62%
now,
62%
ocean
62%
once
62%
pretty
62%
Purple
62%
roses,
62%
said
62%
there
62%
Adam | Matt What
62%
where
62%
all
54%
Matt are
54%
awesome
54%
blue
54%
buy
54%
change
54%
desert
54%
email
54%
explains
54%
Hour
54%
importantly,
54%
inside
54%
intended.
54%
ivory!
54%
Adam kill
54%
last
54%
Stephen live.
54%
lot
54%
many
54%
most
54%
name
54%
other
54%
Palooza
54%
place
54%
Adam prescription
54%
pumpkins
54%
Pun
54%
remember
54%
sand,
54%
sink
54%
tigers
54%
Whitney White
54%
words.
54%
Adam Worth
54%
broken
46%
dirt.
46%
emotional
46%
emptiness.
46%
Fun
46%
fun.
46%
It's
46%
it's
46%
lemon.
46%
Let's
46%
Mars,
46%
mess.
46%
number
46%
Adam Pills!
46%
probably
46%
Shove
46%
something.
46%
sour,
46%
sun.
46%
They're
46%
think
46%
try
46%
were
46%
your
46%
ask
38%
bus
38%
butterflies
38%
colors
38%
creatures
38%
Especially
38%
failure.
38%
feel
38%
from
38%
got
38%
him
38%
Just
38%
lilac-
38%
Adam Liver
38%
monarch
38%
turn,
38%
Yellow's
38%
Come
31%
Emporium-
31%
find
31%
Learning
31%
moment.
31%
Adam nightmares
31%
rabies
31%
rays
31%
sea,
31%
soul
31%
Whitney There's
31%
us
31%
wanna
31%
Wonderful
31%
blow
23%
body!
23%
care
23%
cause
23%
could
23%
deep
23%
foam!
23%
Imaginary
23%
include
23%
Adam it'll
23%
off
23%
paper,
23%
Show's
23%
Jason Take
23%
uh,
23%
You've
23%
dogs,
15%
Stephen Dude!
15%
Stacey Get
15%
hands
15%
Stephen Jeremy...
8%
Stephen mysterious.
8%
No matching quizzes found
Score Distribution
Percent of People with Each Score
Percentile by Number Answered
Your Score History
You have not taken this quiz